000
00205 a2200097 4500
001
29867
100
_a
Jones H James
245
_a
Electron components H B
260
_a
_b
Reston
_c
090
_c
19865
_d
19865
942
_a
NUST-CAE
_c
M
_c
10963
999
_c
264940
_d
264940